00819nam a2200205Ia 4500008004000000020001800040041000800058082001600066100001800082245003200100260004500132300001200177650001800189650001800207690003200225906001100257999001900268952016300287952016300450210210b2014 xxu||||| |||| 00| 0 eng d a9788184872705 aeng a620.85 JAIE aJAIN (Monika) aEnvironmental biotechnology aNew DelhibNarosa Publishing Housec2014 axii,271 aEnvironmental abiotechnology aEnvironmental Biotechnology a069990 c119486d119486 00102ddc40708BTaALbALd2021-02-17eHigginbothams Pvt. Ltd, Mangalore-03g275.00l2o620.85 JAIEp069991r2025-09-22 08:42:05s2025-09-19w2021-02-17yBK 00102ddc40708BTaALbALd2021-02-17eHigginbothams Pvt. Ltd, Mangalore-03g275.00l1o620.85 JAIEp069990r2024-03-01 00:00:00s2024-02-27w2021-02-17yBK